| 000 | 00444nam a2200193Ia 4500 | ||
|---|---|---|---|
| 005 | 20241105023554.0 | ||
| 008 | 240331s9999 xx 000 0 und d | ||
| 020 | _a0440156645 | ||
| 082 |
_bFRI _a8232 |
||
| 100 | _aFriday, Nancy | ||
| 245 | 0 | _aMy mother my self | |
| 250 | _a2 ND | ||
| 260 |
_aNew York _bDell Publishing Co, Inc, _c1987 |
||
| 300 | _axvi, 475 p ., | ||
| 650 | _aWomen | ||
| 650 | _aGender | ||
| 650 | _asex | ||
| 942 | _cL | ||
| 999 |
_c5861 _d5861 |
||